| 000 | 00486nam a2200193Ia 4500 | ||
|---|---|---|---|
| 005 | 20230812100847.0 | ||
| 008 | 131103s9999 xx 000 0 und d | ||
| 020 |
_a140171967 _cRs.95 |
||
| 040 | _aLoreto College | ||
| 041 | _aEnglish | ||
| 082 |
_aF _bGOR |
||
| 100 | _aGordimer,Nadine | ||
| 245 |
_aJump _b and other stories _cNadine Gordimer |
||
| 260 |
_aNew Delhi _bPenguin Books _c1991 |
||
| 300 | _a257 p. | ||
| 650 | _aFiction in English | ||
| 850 | _aLCLIB | ||
| 942 | _cBK | ||
| 999 |
_c16501 _d66980 |
||